Regards sur l'éducation <les> indicateurs de l'OCDE 2002

Salvato in:
Dettagli Bibliografici
Natura: Libro
Lingua:francese
Pubblicazione: Paris OECD 2002
Soggetti:
Tags: Aggiungi Tag
Nessun Tag, puoi essere il primo ad aggiungerne!!

MARC

LEADER 00000nam a2200000 4500
001 c142824
005 20251201095922.9
020 |a 92-64-29890-8 
041 0 |a fre 
044 |a FR 
245 1 0 |a Regards sur l'éducation  |b <les> indicateurs de l'OCDE 2002 
264 1 |a Paris  |b OECD  |c 2002 
300 |a 417 s. 
610 2 0 |a vzdelávanie 
610 2 0 |a výchova 
610 2 0 |a školstvo 
610 2 0 |a financie 
610 2 0 |a populácia 
610 2 0 |a študenti 
610 2 0 |a učitelia